A view to a kill (Record no. 20946)
[ view plain ]
| 000 -LEADER | |
|---|---|
| fixed length control field | 01983nam a2200397 a 4500 |
| 100 1# - MAIN ENTRY--AUTHOR NAME | |
| Personal name | Dusseldorp, Gerrit Leendert, |
| 245 12 - TITLE STATEMENT | |
| Title | A view to a kill |
| 260 ## - PUBLICATION, DISTRIBUTION, ETC. (IMPRINT) | |
| Place of publication | Leiden : |
| Name of publisher | Sidestone Press, |
| Year of publication | c2009. |
| 300 ## - PHYSICAL DESCRIPTION | |
| Number of Pages | 199 p. : |
| Other physical details | ill., maps. |
| 500 ## - GENERAL NOTE | |
| General note | Originally presented as the author's thesis (doctoral)--Universiteit van Leiden, 2009. |
| 520 ## - SUMMARY, ETC. | |
| Summary, etc | In zijn boek "A view to a kill" presenteert Dusseldorp zijn onderzoek naar de kennisintensiteit van de foerageermethoden van Neanderthalers vanuit een evolutionair perspectief. Door analyse van botassemblages van Neanderthalers en deze te vergelijken met botassemblages van vindplaatsen van de holenhyena probeert hij inzicht te verwerven in de plaats van de Neanderthaler in de ecologie van de mammoetsteppe. |
| 650 #0 - SUBJECT ADDED ENTRY--TOPICAL TERM | |
| Topical Term | Neanderthals. |
| Topical Term | Paleolithic period |
| Topical Term | Hunting and gathering societies |
| 856 40 - ELECTRONIC LOCATION AND ACCESS | |
| Uniform Resource Identifier | http://site.ebrary.com/lib/rucke/Doc?id=10702620 |
No items available.
